Les diocèses de France (création) - Statistiques

Statistiques générales
  • Ce quiz a été pris 26 fois
  • Le résultat moyen est 5 sur 10
Statistiques - réponses
Hint Réponse % Correct
Entre 201 et 250 Avignon | Besançon | Arles | Clermont | Paris | Toulouse | Saintes
89%
Entre 301 et 349 Agen | Sens | Bordeaux | Marseille | Die | Verdun | Troyes | Orléans | Strasbourg | Chalonsur-Saône | Valence
84%
Entre 100 et 200 Vienne | Lyon | Langres
84%
Entre 251 et 260 Bourges | Tours | Narbonne | Limoges | Mende | Auxerre | Cahors | Reims | Rouen | Soissons
68%
Entre 366 et 399 Angers | Albi | Grenoble | Nice | Tarbes | Cornouaille
53%
Entre 350 et 365 Poitiers | Chartres | Meaux | Viviers | Evreux | Embrun | Rennes | Digne | Le Puy
53%
Entre 261 et 300 Autun | Châlons-en-Champagne | Amiens | Metz | Beauvais | Saint-Paul-Trois-Châteaux
37%
Entre 451 et 571 Rodez | Arras | Laon | Agde | Lescar | Aire | Dax | Nevers | Cambrai | Elne
32%
Entre 400 et 450 Fréjus | Bayeux | Bazas | Tarentaise | Angoulême | Coutances | Bayonne
16%
Avant 100 Aix-en-Provence
11%
Aucun quiz correspondant
Distribution des résultats
% des personnes avec chaque résultat
Percentile par nombre de réponses
Votre historique - résultats
Vous n’avez pas pris ce quiz